| 000 | 00574nam a2200205Ia 4500 | ||
|---|---|---|---|
| 005 | 20250813093334.0 | ||
| 008 | 191130s2007##################000#0#eng## | ||
| 020 |
_a9780755304103 _qpbk |
||
| 041 | _aeng | ||
| 082 | _a823.914 JAR | ||
| 100 | _aJardine, Quintin | ||
| 245 |
_aDead and buried _cQuintin Jardine |
||
| 250 | _a1st ed | ||
| 260 |
_aLondon _bHeadline _c2007 |
||
| 300 | _a472 p. ; 18 cm | ||
| 500 | _aincludes index | ||
| 650 | _aPolice -- Scotland -- Edinburgh -- Fiction | ||
| 650 | _aSkinner, Bob (Fictitious character) -- Fiction | ||
| 942 | _cENGLISH | ||
| 999 |
_c145397 _d145397 |
||